000 01880nam a22005417a 4500
003 OSt
005 20230427112005.0
008 221006b |||||||| |||| 00| 0 eng d
040 _cBiblioteca Lado V
082 _a708.972.9
_bT649c
100 _9824
_aTolentino, Marianne to
_eeditor
245 _aCariforum/
_bRevista Cultural del Caribe
260 _bCentro Cultural Cariforo de la Republica Dominicana
_aSanto Domingo
_c2001
300 _c23x31cm
_a84p.
366 _efre
490 _a6
_v2001
505 _tEditorial
505 _tHaiti: relations haitiano-dominicaines
505 _tWhen Sugar was king
505 _tEl exilio de los negros
505 _tNotes on the history
505 _tLa cofradía del Espíritu Santo
505 _tKadooment
505 _tAfricania
505 _tBob Marley
505 _tNeg Maron: Freedom
505 _tIntroduction
505 _tLe jour
505 _tPaisajes del corazon
505 _tPasion e historia
505 _tFirst International Conference
505 _tUn nuevo curso de administración
505 _tIncidencia del español
505 _tLa Contemporaneidad
505 _tAfrica y su Diaspora
505 _tCulinary Art of Saint Martin
650 _2Tesauro de Arte & Arquitectura
_aARTE
_9703
650 _2Tesauro de Arte & Arquitectura
_aEXPOSICIONES
650 _2Tesauro de Arte & Arquitectura
_aCULTURA
650 _2Tesauro de Arte & Arquitectura
_aAPRECIACION
650 _2Tesauro de Arte & Arquitectura
_aTEORIA
650 _2Tesauro de Arte & Arquitectura
_aVIDEO
650 _2Tesauro de Arte & Arquitectura
_aMUSICA
_9702
650 _2Tesauro de Arte & Arquitectura
_aLITERATURA
650 _2Tesauro de Arte & Arquitectura
_aCULTURA AFRO
650 _2Tesauro de Arte & Arquitectura
_aCARIBE
942 _2ddc
_c1
_h708.972.9
_iT649c
_n0
999 _c3487
_d3487